| 000 | 00812nam a2200253 4500 | ||
|---|---|---|---|
| 001 | 69945 | ||
| 003 | BD-RjUL | ||
| 005 | 20211209081940.0 | ||
| 008 | 170415s1970bos xxua|||| |||| 00| 0 eng d | ||
| 035 | _a(BD-RjUL)70157 | ||
| 040 |
_aBD-RjUL _beng _cBD-RjUL _dBD-RjUL |
||
| 041 | _aeng | ||
| 082 |
_223 _a512 _bDOM 1970 |
||
| 100 | 1 |
_aDolciani, Mary P _9205799 |
|
| 245 | 1 | 0 |
_aModern algebra and trigonometry / _cMary P Dolciani; William Wooton; Simon L Berman |
| 260 |
_aBoston : _bHoughton Mifflin, _c©1973. |
||
| 300 |
_a644 p. : _bill. ; _c27 cm. |
||
| 490 | _aHoughton Mifflin modern mathematics series. | ||
| 650 |
_aAlgebra. _9207170 |
||
| 700 |
_aBerman, Simon L _9207171 |
||
| 700 |
_aWooton, William _9151630 |
||
| 830 |
_aHoughton Mifflin modern mathematics series. _9207173 |
||
| 942 |
_2ddc _cBK |
||
| 999 |
_c69945 _d69945 |
||